| 000 | 00446nam a2200145 4500 | ||
|---|---|---|---|
| 001 | 114200 | ||
| 003 | ES-MaACL | ||
| 007 | t| | ||
| 008 | 061121s1953 sp r ||||1| spa d | ||
| 100 | 1 |
_aPalou Gari, José. _988718 |
|
| 245 | 1 | 3 |
_aLa tragedia de don Julio Robledo _b: (novela) / _cJosé Palou Gari. |
| 260 |
_aPalma de Mallorca : _b[s. n.], _c1953 ( _fImp. Mossen Alcover) |
||
| 300 |
_a243 p. ; _c20 cm. |
||
| 852 |
_aES-MaACL _jC-7871 _bR.35513 |
||
| 999 |
_c114200 _d114200 |
||